Countries with the Smartest Students - Statistics

General Stats
  • This quiz has been taken 137 times
  • The average score is 13 of 20
Answer Stats
Hint Answer % Correct
#19 United Kingdom
92%
#3(tie Japan
91%
#2 South Korea
91%
#9 Canada
85%
#1 Singapore
83%
#13 Australia
78%
#12 Germany
77%
#5 Finland
72%
#8 Netherlands
72%
#7 Switzerland
72%
#3(tie Taiwan
70%
#18 Austria
69%
#16 New Zealand
69%
#14 Ireland
67%
#15 Belgium
62%
#10 Poland
52%
#20 Czech Republic
41%
#6 Estonia
40%
#11 Vietnam
32%
#17 Slovenia
29%
No matching quizzes found
Score Distribution
Percent of People with Each Score
Percentile by Number Answered
Your Score History
You have not taken this quiz